000
00383nam a22001697a 4500
003
MPLRDC
005
20220104113829.0
008
210129b ||||| |||| 00| 0 eng d
082
_a
857.7 YL-2
100
_a
懿凌
245
_a
昨日梦已远
_c
250
_a
初版
260
_a
_b
乡野出版社
_c
1987
300
_b
平
650
_a
长篇小说
942
_c
BK
_o
857.7 YL-2
999
_c
2688
_d
2678